[Event "FRA-ch 91st"]
[Site "Agen"]
[Date "2016.08.17"]
[Round "5"]
[White "Demuth, Adrien"]
[Black "Jolly, Jean Francois"]
[Result "0-1"]
[WhiteElo "2545"]
[BlackElo "2361"]
[Annotator "Besenthal,K/Primel,D"]
[PlyCount "150"]
[EventDate "2016.08.13"]
[EventType "tourn"]
[EventRounds "9"]
[EventCountry "FRA"]
[EventCategory "14"]
[SourceTitle "CBM 174"]
[Source "ChessBase"]
[SourceDate "2016.09.13"]
[SourceVersion "1"]
[SourceVersionDate "2016.09.13"]
[SourceQuality "1"]
[TimeControl "40/5400+30:1800+30"]

1. Nf3 {[%emt 0:03:41]} d5 {[%emt 0:01:19]} 2. g3 {[%emt 0:00:20]} Nf6 {
[%emt 0:00:27]} 3. Bg2 {[%emt 0:00:10]} g6 {[%emt 0:00:28]} 4. d4 {[%emt 0:02:
00]} Bg7 {[%emt 0:00:23]} 5. c4 {[%emt 0:00:29]} dxc4 {[%emt 0:04:34]} 6. Na3 {
[%emt 0:00:46]} O-O {[%emt 0:10:01]} (6... c3 {L'alternative} 7. bxc3 O-O 8.
O-O c5) 7. O-O {[%emt 0:00:53]} Na6 {[%emt 0:00:40]} 8. Nxc4 {[%emt 0:00:25]}
c5 {[%emt 0:00:18]} 9. b3 {[%emt 0:01:26]} Be6 {[%emt 0:09:02]} (9... Bf5 10.
Bb2 Be4 11. Ncd2 Bc6 12. Qb1 cxd4 13. Bxd4 Nc7 14. Qb2 Ne6 15. Bc3 Qb6 16. Nc4
Qa6 17. Rfd1 Rad8 18. a4 Rxd1+ 19. Rxd1 Rd8 20. Rxd8+ Nxd8 {1/2-1/2 (20) Erdos,
V (2621)-Edouard,R (2659) Germany 2014}) 10. Bb2 {[%emt 0:04:17]} Bd5 {[%emt 0:
09:29]} 11. Rc1 {[%emt 0:06:27]} Rc8 {[%emt 0:02:37]} 12. Qd2 {[%emt 0:14:55]}
Ne4 $146 {[%emt 0:25:25]} (12... b5 13. Nce5 c4 14. bxc4 bxc4 15. Ne1 Bxg2 16.
Nxg2 Ne4 17. Qc2 c3 18. Qxe4 cxb2 19. Rb1 Qb6 20. e3 Qb5 21. Nd3 Rc2 22. Rfd1
e5 23. Nge1 Rc7 24. dxe5 Rc4 25. Rxb2 Qa4 26. Qf3 Rd8 27. Rdb1 Nc7 28. Rb8 Qe8
29. Rxd8 Qxd8 30. Qb7 Ne6 31. Qxa7 Rc8 32. Qa4 Qd5 33. e4 Qd8 34. Kg2 h5 35. h4
Qc7 36. Rc1 Qb7 37. Rxc8+ Qxc8 38. Nf3 Qb7 39. Qc4 Qa7 40. a4 {1-0 (40)
Motwani,P (2536)-Goloshchapov,A (2574) Belgium 2004}) 13. Qe3 {[%emt 0:07:22]}
Nd6 {[%emt 0:02:45]} 14. Nxd6 {[%emt 0:14:22]} exd6 {[%emt 0:00:33]} 15. Qd2 {
[%emt 0:00:32][%cal Gd2b2]} Be4 $132 {[%emt 0:07:57]} 16. Rfd1 {[%emt 0:03:40]}
Qe7 {[%emt 0:01:01]} 17. Ne1 {[%emt 0:09:33]} Rfe8 $1 {[%emt 0:03:01][%csl Re2]
Provoque un léger affaiblissement des cases Blanches} 18. e3 {[%emt 0:04:37]}
b6 {[%emt 0:04:10]} 19. dxc5 {[%emt 0:05:01]} dxc5 {[%emt 0:00:39]} 20. Bxg7 {
[%emt 0:02:25]} Kxg7 {[%emt 0:00:08]} 21. Qc3+ {[%emt 0:04:46]} Qf6 {[%emt 0:
02:39]} 22. Bxe4 {[%emt 0:08:44]} Qxc3 {[%emt 0:00:06]} 23. Rxc3 {[%emt 0:00:
03]} Rxe4 {[%emt 0:00:07]} 24. Nc2 {[%emt 0:00:49]} Rc7 {[%emt 0:02:12]} 25. f3
{[%emt 0:01:01]} Ree7 {[%emt 0:00:12]} 26. Kf2 {[%emt 0:00:30]} Red7 {[%emt 0:
01:56]} 27. Rxd7 {[%emt 0:01:16]} Rxd7 {[%emt 0:00:02]} 28. Ke2 {[%emt 0:00:06]
} Kf6 {[%emt 0:00:28]} 29. Rc4 {[%emt 0:00:37]} Nc7 {[%emt 0:03:06] le N
revient enfin au centre mais les Blancs n'ont rien obtenu de concret de sa
position hors-jeu} 30. Ne1 {[%emt 0:01:02]} Ne6 {[%emt 0:00:51]} 31. Nd3 {
[%emt 0:00:17]} Rc7 {[%emt 0:01:02][%cal Gb6b5]} 32. Nf4 {[%emt 0:01:12]} Nxf4+
{[%emt 0:00:08]} 33. Rxf4+ {[%emt 0:00:05]} Ke6 {[%emt 0:00:19]} 34. g4 {
[%emt 0:00:20]} b5 {[%emt 0:01:40]} 35. Kd3 {[%emt 0:01:33]} Rd7+ {[%emt 0:00:
28]} 36. Kc2 {[%emt 0:00:06]} Rd5 {[%emt 0:01:04]} 37. h4 {[%emt 0:01:12]} h6 {
[%emt 0:00:22]} 38. Kc3 {[%emt 0:00:58]} g5 {[%emt 0:00:41]} 39. hxg5 {[%emt 0:
00:02]} hxg5 {[%emt 0:00:09]} 40. Re4+ {[%emt 0:01:14]} Re5 {[%emt 0:00:42]
Schwarz trifft eine extrem verpflichtende Entscheidung, denn auch wenn das
Bauernendspiel remis aussieht: Wer kann das schon in allen seinen Varianten
richtig einschätzen?} (40... Kd7 41. f4 gxf4 42. exf4 {gefiel Jolly
vielleicht nicht, weil es hier so aussah, als würde Weiß schneller einen
Freibauern bilden können. Doch nach} b4+ 43. Kc2 (43. Kc4 Kc6 44. f5 Rd2)
43... f5 44. gxf5 Rxf5 45. Kd3 Kd6 46. Ke3 Rh5 47. Kf3 Rh3+ 48. Kg2 Rc3 49. f5
Rc2+ 50. Kg3 Rxa2 51. f6 Ra1 52. Rf4 Rg1+ {erreicht Weiß nichts.}) 41. Rxe5+ {
[%emt 0:17:24]} Kxe5 {[%emt 0:00:22]} 42. a4 {[%emt 0:01:14]} a6 {[%emt 0:03:
58]} 43. axb5 {[%emt 0:04:43]} axb5 {[%emt 0:00:08]} 44. Kd3 {[%emt 0:00:01]}
Kd5 {[%emt 0:03:49]} 45. Kc3 {[%emt 0:01:22]} Kc6 {[%emt 0:02:37]} 46. Kd3 {
[%emt 0:01:44]} Kb6 {[%emt 0:01:28]} 47. Kc2 {[%emt 0:03:30]} Ka5 {[%emt 0:10:
09]} 48. Kc3 {[%emt 0:00:01]} f6 {[%emt 0:07:14]} 49. b4+ $1 {[%emt 0:00:16]}
Kb6 {[%emt 0:01:20]} 50. f4 {[%emt 0:00:49]} ({Oder} 50. bxc5+ Kxc5 51. Kb3 b4
52. f4 Kd5 53. Kxb4 Ke4 54. f5 Kxe3 55. Kc5 Kf4 56. Kd5 Kxg4 57. Ke6 Kh4 58.
Kxf6 g4 59. Ke7 g3 60. f6 $11) 50... Kc6 {[%emt 0:00:19]} 51. f5 {[%emt 0:00:
41]} c4 {[%emt 0:04:24]} 52. Kd4 {[%emt 0:01:32]} Kd7 {[%emt 0:00:32]} 53. Kc3
{[%emt 0:02:03]} Kc6 {[%emt 0:00:20]} 54. Kd4 {[%emt 0:00:03]} Kd6 {[%emt 0:00:
29]} 55. e4 {[%emt 0:00:12]} Ke7 {[%emt 0:00:24]} 56. Kc3 {[%emt 0:00:25]} Kd7
{[%emt 0:00:04]} 57. Kd4 {[%emt 0:00:02]} Kd6 {[%emt 0:00:10] Diagramm [#]} 58.
e5+ {[%emt 0:00:04] '!' Das sieht plausibel aus: Weiß braucht unbedingt einen
Freibauern, koste es, was es wolle.} fxe5+ {[%emt 0:00:03]} 59. Ke4 {[%emt 0:
00:41]} Kd7 {[%emt 0:00:16]} 60. Ke3 {[%emt 0:00:09]} Ke7 {[%emt 0:00:05]} 61.
Ke4 {[%emt 0:00:22]} Kd6 {[%emt 0:00:06]} 62. Ke3 {[%emt 0:00:03]} Kd5 {
[%emt 0:00:05]} 63. Kd2 {[%emt 0:00:38]} e4 {[%emt 0:00:16]} 64. Ke3 $2 {
[%emt 0:00:13] Der entscheidende Fehler? Jetzt entsteht eine Situation, in der
Schwarz den Bf5 schließlich einfach laufen lassen kann, was Weiß natürlich
unter allen Umständen hätte verhindern müssen.} (64. Kd1 $1 c3 (64... e3 65.
Ke2 c3 $4 66. Kd3 e2 67. Kxe2 Kc4 68. Kd1) 65. Kc2 Ke5 (65... e3 $4 66. Kxc3
Ke4 67. f6) 66. Kxc3 Kd5 $11) (64. Kc3) 64... c3 $1 {[%emt 0:00:29]} 65. Ke2 {
[%emt 0:00:01]} Kd6 $1 {[%emt 0:01:23]} 66. Ke3 {[%emt 0:00:05]} Ke5 {[%emt 0:
00:16]} 67. Ke2 {[%emt 0:00:03]} Kd5 {[%emt 0:00:07]} 68. Ke3 {[%emt 0:00:21]}
Kc4 {[%emt 0:04:02]} 69. f6 {[%emt 0:02:32]} c2 {[%emt 0:00:06]} 70. Kd2 {
[%emt 0:00:36]} Kb3 {[%emt 0:00:05]} 71. f7 {[%emt 0:00:54]} Kb2 {[%emt 0:00:
04]} 72. f8=Q {[%emt 0:00:14]} c1=Q+ {[%emt 0:00:06]} 73. Ke2 {[%emt 0:00:03]}
Qc2+ {[%emt 0:00:39]} 74. Ke1 {[%emt 0:00:14]} Qc3+ {[%emt 0:01:22]} 75. Ke2 {
[%emt 0:00:18]} Qd3+ {[%emt 0:00:08]} 0-1

[Event "Bugojno"]
[Site "Bugojno"]
[Date "1978.03.03"]
[Round "5"]
[White "Vukic, Milan"]
[Black "Hort, Vlastimil"]
[Result "0-1"]
[WhiteElo "2480"]
[BlackElo "2620"]
[Annotator "Bulletin"]
[PlyCount "112"]
[EventDate "1978.02.27"]
[EventType "tourn"]
[EventRounds "15"]
[EventCountry "YUG"]
[EventCategory "14"]
[SourceTitle "MCL"]
[Source "ChessBase"]
[SourceDate "1999.07.01"]
[SourceVersion "1"]
[SourceVersionDate "1999.07.01"]
[SourceQuality "1"]

1. Nf3 d5 2. g3 g6 3. Bg2 Bg7 4. d4 Nf6 5. c4 O-O 6. Nbd2 (6. O-O dxc4 7. Na3
Nc6 8. Nxc4 a5 9. b3 Be6 10. Bb2 Bd5 11. e3 a4 12. Qe2 Ra6 $10 {Vukic-Korchnoi,
Sarajevo 1969}) 6... dxc4 7. Nxc4 Be6 8. b3 (8. Nfe5 Bd5) 8... c5 $1 9. O-O Nc6
10. Bb2 (10. Nfe5 $5) (10. dxc5 Ne4 11. Bb2) 10... Qc7 11. Qc1 (11. dxc5 $5)
11... Nxd4 12. Nxd4 cxd4 13. Bxd4 Rac8 14. Be5 (14. Nd2 $10) 14... Qd7 15. Qb2
(15. Rd1 Qb5 $1 16. Qa3 $5) 15... Bxc4 16. bxc4 b6 17. Rac1 (17. a4 $1) 17...
Rfd8 18. Bxf6 (18. e3) 18... Bxf6 19. Qb3 Qc7 20. Rfd1 Rxd1+ 21. Qxd1 Rd8 22.
Qc2 $6 Qc5 23. e3 Qa5 $17 24. Qb3 (24. Rd1 Rxd1+ 25. Qxd1 Qxa2 $19) 24... Rd2
25. a4 Rxf2 $1 $19 26. Kxf2 Qd2+ 27. Kf3 Qxc1 28. Qd3 Kg7 29. Kf2 h5 30. Bf3 h4
31. Kg2 Qb2+ 32. Qe2 Qc3 33. Bc6 Bg5 34. e4 (34. Kf2 f5 {/\..e5,..e4}) 34...
hxg3 35. hxg3 Bf6 36. Bb5 Be5 37. Qf3 Qc2+ 38. Qf2 Qd3 39. Qf3 Qd4 40. Qe2 Bd6
41. Qf3 Kf8 42. Qe2 e6 43. Qf3 Ke7 44. Qe2 Be5 45. Kh3 Qg1 {*} 46. Qf3 Bd6 47.
Bc6 (47. Kg4 Qh2) 47... Qc5 $1 48. Bb5 Qc8 $1 {/\a6} 49. Qd3 Bc5 50. a5 bxa5
51. Qc3 a6 52. Ba4 Bd4 $1 53. Qb3 Qc5 54. Qc2 Be5 55. Qd3 Qg1 56. Qf3 Qc1 0-1

[Event "NOR-ch"]
[Site "Kristiansund"]
[Date "1992.??.??"]
[Round "8"]
[White "Fyllingen, Roy Harald"]
[Black "Tisdall, Jonathan D"]
[Result "0-1"]
[WhiteElo "2330"]
[BlackElo "2435"]
[Annotator "Bulletin"]
[PlyCount "68"]
[EventDate "1992.??.??"]
[EventType "swiss"]
[EventRounds "9"]
[EventCountry "NOR"]
[SourceTitle "TD"]
[Source "ChessBase"]
[SourceDate "1994.03.01"]
[SourceVersion "1"]
[SourceVersionDate "1994.03.01"]
[SourceQuality "1"]

1. d4 Nf6 2. Nf3 g6 3. g3 Bg7 4. Bg2 O-O 5. O-O d5 6. c4 dxc4 7. Qc2 $6 {
Bedre er 7.Sa3.} Nc6 8. Qxc4 Be6 9. Qa4 Nd5 10. Rd1 Nb6 11. Qa3 (11. Qc2 Nb4 {
og ...Sxa2}) 11... Bg4 12. Nc3 (12. d5 e6 13. e4 $5) 12... Bxf3 $1 {Leads to
complications where black has tremendous activity.} 13. Bxf3 Nxd4 14. Bxb7
Nxe2+ 15. Kf1 Nd4 16. Be3 (16. Bxa8 Qxa8 {med farlig angrep.}) 16... e5 17. Ne2
(17. Bxd4 exd4 18. Bxa8 Qxa8 19. Ne2 Nc4 20. Qb4 Nxb2 $1 21. Qxb2 d3 {og svart
vinner.}) 17... Rb8 18. Qxa7 c5 19. Bg2 (19. Qa6 Qc7 20. Be4 (20. Bg2 Nc2)
20... f5) 19... Nc4 20. Bxd4 exd4 (20... cxd4 $5 21. b3 Nb2 22. Rd2 d3 23. Nc3
(23. Rxb2 e4) 23... e4 24. Nxe4 Nc4 25. Rad1 Nxd2+ 26. Rxd2) 21. Qxc5 Rc8 22.
Qb5 (22. Qd5 $5 Nxb2 23. Rxd4 Bxd4 24. Qxd4 Qxd4 25. Nxd4 Kg7 {med klar svart
fordel.}) 22... d3 23. Nf4 Nxb2 24. Nxd3 (24. Bd5 {is a bit tougher.}) 24...
Nxd1 25. Rxd1 Qd4 $1 {Preparing to press f2.} 26. a4 Rc2 27. a5 Rd8 28. a6 (28.
Nb2 Qxd1+ 29. Nxd1 Rxd1# {matt.}) 28... Bf8 $1 29. Bf3 Bc5 30. Kg2 $1 Ba7 (
30... Rxf2+ 31. Nxf2 Qxf2+ 32. Kh3) 31. h4 Rd6 $1 32. Qb1 (32. Kh3 $5) 32...
Rc3 33. Be2 Rf6 34. Rf1 Qe4+ {[#] Tisdall} 0-1

[Event "Dublin Clock sim"]
[Site "Dublin"]
[Date "2011.10.03"]
[Round "1.1"]
[White "Baburin, Alexander"]
[Black "Topalov, Veselin"]
[Result "1-0"]
[WhiteElo "2535"]
[BlackElo "2768"]
[Annotator "CB"]
[PlyCount "111"]
[EventDate "2011.10.03"]
[EventType "simul"]
[EventRounds "1"]
[EventCountry "IRL"]
[SourceTitle "CBM 144 Extra"]
[Source "ChessBase"]
[SourceDate "2011.10.28"]
[SourceVersion "1"]
[SourceVersionDate "2011.10.28"]
[SourceQuality "1"]

1. d4 Nf6 2. c4 g6 3. Nf3 Bg7 4. g3 d5 5. Bg2 dxc4 6. Na3 c3 7. bxc3 O-O 8. O-O
c5 9. Qb3 Nc6 10. Rd1 Na5 11. Qb2 Qb6 {There are four games with this position
in our database, with two white wins, one loss and a draw.} 12. Qxb6 $146 ({
Relevant:} 12. Ne5 Nd7 13. Nac4 Nxc4 14. Nxc4 Qa6 15. Ne3 Nb6 16. a4 cxd4 17.
cxd4 Bd7 18. a5 Na4 19. Qb4 Qxe2 20. Rxa4 Bxa4 21. Qxa4 Rad8 22. Ba3 Qa2 23.
Bxb7 Bxd4 24. Rxd4 Qb1+ 25. Qd1 {1-0 (25) Inarkiev,E (2649)-Kurnosov,I (2668)/
Moscow 2010/CBM 134 Extra}) 12... axb6 13. Ne5 Be6 14. Bb2 Rfc8 15. f4 Bd5 16.
Bh3 Rd8 17. c4 Be4 18. d5 h5 19. Rac1 Ng4 20. Bxg4 hxg4 21. Nb5 Bf5 22. Ba1 f6
23. Nd3 Bd7 24. Nc7 Rac8 25. d6 exd6 26. Nd5 Be6 27. Ne7+ Kf7 28. Nxc8 Rxc8 29.
f5 Bxf5 30. Nf4 Rc6 31. Nd5 {Black has given a rook for bishop and two pawns.
So far he is doing fine, but now inaccuracies start to slip in.} Be4 (31... Bh6
{was the more advantageous choice.}) 32. Rf1 Bxd5 33. cxd5 Rc8 34. Rf4 g5 35.
Re4 b5 36. Re6 ({White is now calling the shots. We would have loved to see
the continuation} 36. Rf1) ({or even the foxy} 36. Rb4) 36... Re8 37. Rxd6 Rxe2
38. Rd7+ Kg6 39. d6 Nc4 40. Re7 Rxe7 $6 {Black should probably not allowed
White the pawn on e7. It plagues Topalov for the rest of the game.} 41. dxe7
Kf7 42. a4 b6 43. axb5 Nd6 44. Re1 Ke8 45. Re6 Nxb5 46. Rxb6 Nd4 47. Bxd4 cxd4
48. Re6 Bh8 49. Kf2 f5 50. Ke2 f4 51. Kd3 Bg7 52. Ke4 d3 53. Kxd3 Bb2 54. Ke4
f3 55. Kd3 Ba3 56. Re4 ({after} 56. Re4 Bxe7 57. Rxg4 Kf7 58. Ke3 {Black has
no defensive resources left.}) 1-0

[Event "Buenos Aires"]
[Site "Buenos Aires"]
[Date "1980.??.??"]
[Round "?"]
[White "Andersson, Ulf"]
[Black "Balashov, Yuri S"]
[Result "1/2-1/2"]
[WhiteElo "2590"]
[BlackElo "2600"]
[Annotator "Chekhov,V"]
[PlyCount "34"]
[EventDate "1980.10.15"]
[EventType "tourn"]
[EventRounds "13"]
[EventCountry "ARG"]
[EventCategory "13"]
[SourceTitle "MCL"]
[Source "ChessBase"]
[SourceDate "1999.07.01"]
[SourceVersion "1"]
[SourceVersionDate "1999.07.01"]
[SourceQuality "1"]

1. Nf3 Nf6 2. c4 g6 3. g3 Bg7 4. Bg2 O-O 5. O-O d5 6. d4 dxc4 7. Na3 c3 8. bxc3
c5 9. Nc4 (9. Ne5 Nd5 10. Bb2 Nc6 11. Nac4 Be6) (9. e3 $5 Nc6 10. Bb2 e5 11.
Nc4 exd4 12. cxd4 cxd4 13. Nxd4 Nxd4 14. Bxd4 Be6 $10) 9... Nc6 10. Nfe5 (10.
Bb2 Be6 11. Nce5 Bd5 12. c4 Bxf3 13. Nxf3 cxd4 14. Nxd4 Na5 $10 {Sanchez-Salo/
Moscow(ol)/1956/}) 10... Nd5 11. Bb2 Be6 12. Nxc6 bxc6 13. Qc2 (13. Ne5 $5 Qc7
(13... Bxe5 $5 14. dxe5 Qb6 {1/4a6,<<b8/}) 14. Nd3 Rab8 15. Qc1 cxd4 16. cxd4
Nb4 17. Nc5 $14 {Florian,T-Honfi,K/HUN/1965/}) 13... Qc7 14. e3 (14. e4 Nb6 15.
Ne3 Nc4 16. Nxc4 Bxc4 17. Rfe1 Qa5) 14... cxd4 15. cxd4 c5 16. dxc5 Qxc5 17.
Bxg7 Kxg7 (17... Kxg7 18. Rac1 Rac8 19. Qb2+ Nf6 20. Ne5 Qb6 $10) 1/2-1/2

[Event "Hoogovens-B"]
[Site "Wijk aan Zee"]
[Date "1998.01.22"]
[Round "3"]
[White "Kasimdzhanov, Rustam"]
[Black "Cherniaev, Alexander"]
[Result "1-0"]
[WhiteElo "2565"]
[BlackElo "2465"]
[Annotator "ChessBase"]
[PlyCount "29"]
[EventDate "1998.01.20"]
[EventType "tourn"]
[EventRounds "11"]
[EventCountry "NED"]
[EventCategory "10"]
[SourceTitle "CBM 063"]
[Source "ChessBase"]
[SourceDate "1998.03.26"]
[SourceVersion "1"]
[SourceVersionDate "1998.03.26"]
[SourceQuality "1"]

1. d4 Nf6 2. Nf3 g6 3. g3 Bg7 4. Bg2 O-O 5. O-O d5 6. c4 dxc4 7. Na3 c3 8. bxc3
c5 9. Bb2 Nc6 10. e3 Qa5 11. Nd2 Nd7 12. Qe2 Qa4 13. Nb3 b6 14. Rfd1 Ba6 $4 {
Die Qa4 ist überlastet, sie muß zwei Figuren auf c6 und a6 decken.
Fehlerursache: Schwarz hat nur den Angriff Ba6->Qe2 gesehen, nicht aber die
Angriffswirkung der beiden weißen Figuren Bg2->Nc6 und Qe2->Ba6.  Merke: Der
angreifende Ba6 ist selbst auch angegriffen.} 15. Bxc6 1-0

[Event "Dortmund SuperGM 24th"]
[Site "Dortmund"]
[Date "1996.07.05"]
[Round "1"]
[White "Huebner, Robert"]
[Black "Polgar, Judit"]
[Result "1-0"]
[WhiteElo "2595"]
[BlackElo "2665"]
[Annotator "Dolmatov,S"]
[PlyCount "133"]
[EventDate "1996.07.05"]
[EventType "tourn"]
[EventRounds "9"]
[EventCountry "GER"]
[EventCategory "18"]
[SourceTitle "CBM 054"]
[Source "ChessBase"]
[SourceDate "1996.10.01"]
[SourceVersion "1"]
[SourceVersionDate "1996.10.01"]
[SourceQuality "1"]

1. d4 {Hecht} Nf6 2. Nf3 g6 3. g3 Bg7 4. Bg2 O-O 5. O-O d5 6. c4 Nc6 (6... c6
7. cxd5 cxd5 8. Ne5) 7. Ne5 (7. cxd5 Nxd5 $14) 7... dxc4 8. Nxc6 bxc6 9. Nc3 (
9. Bxc6 Bh3 10. Re1 Rb8 11. Na3 Nd5 12. Nxc4 Nb4 13. Be4 Be6 14. a3 Bxc4 15.
axb4 Qxd4 16. Qxd4 Bxd4 $10 {Sveshnikov,E-Mihalchishin,A/URS/1981/}) (9. Na3
Be6 10. Bxc6 Rb8 11. Bf3 Bd5 12. Qc2 Bxf3 13. exf3 Qxd4 14. Rd1 Qc5 $13) 9...
Rb8 10. Bxc6 Bb7 11. Bf3 (11. Bxb7 Rxb7 12. e4 Qd7 $132) 11... Bxf3 12. exf3
Nd5 13. Qe2 Nb4 (13... Bxd4 14. Qxc4 (14. Rd1 $2 Bxc3 15. bxc3 Nxc3) 14... Nxc3
15. bxc3 Bg7 16. Ba3 $14) 14. Qxc4 Nc2 (14... Qxd4 15. Qxc7 Nd5 16. Nxd5 Qxd5
17. Qxe7 Qxf3 18. Qxa7 Rfd8 $44) 15. Rb1 Rb4 16. Qd5 Nxd4 17. Be3 e6 (17... Qb8
$5 18. Kg2 Rd8 $132) 18. Qxd8 Rxd8 19. Kg2 Rdb8 20. Rfd1 h5 $6 (20... Nxf3 $5
21. Kxf3 (21. Bxa7 Ra8 22. Bc5 Rc4 $10) 21... Bxc3 $10) 21. Ne4 Nf5 22. Bxa7
Ra8 23. Bc5 Rxb2 24. Rxb2 Bxb2 25. Rd2 Ba3 $14 26. Bxa3 Rxa3 27. Rc2 c6 28. f4
Kf8 (28... Ne7 $5) 29. Rxc6 Rxa2 30. Rc8+ Kg7 31. Rc7 Kg8 (31... Ra8 $2 32. Ng5
$14) 32. Rd7 Ne3+ $6 (32... Ra8 33. h3 Kf8 34. Ng5 Nh6 $10) (32... Nh6 $10) (
32... Kf8 33. Ng5 Ne7 (33... Nh6 $10) 34. Nh7+ Ke8 35. Nf6+ Kf8 36. Rd8+ Kg7
37. Ne8+ Kh7 38. Rd7 Kg8 $1) 33. Kf3 Nd5 $2 (33... Nf5 34. Ng5 Nh6 $10) 34. Ng5
Nf6 35. Rxf7 Ng4 36. h3 Rxf2+ 37. Ke4 Nh6 38. Ra7 $14 Re2+ (38... Nf5 39. Ke5
Nxg3 40. Kf6 Rxf4+ 41. Kxg6) 39. Kf3 Re1 40. Kf2 Rb1 41. Nxe6 Nf7 (41... Rb2+
42. Kf3 Rb3+ 43. Ke4 Rxg3 44. Ke5 $40) 42. g4 hxg4 43. hxg4 Rb6 44. Re7 Rb3 45.
Ke2 Ra3 46. g5 Rb3 47. Ra7 Rb6 48. Nc5 Nd6 (48... Rb5 49. Ne4) 49. Kd3 Rb1 50.
Ra6 Rd1+ 51. Ke2 Rd4 52. Kf3 Kf7 53. Ra7+ Ke8 54. Nd7 Nf7 55. Nf6+ Kf8 56. Nd7+
Ke8 57. Ne5 Nxe5+ 58. fxe5 $18 {Hecht: schlechte Schwarze Verteidigung, indem
J. Polgar 1. sich ihren K auf g7 abschneiden läßt und mit Tempo Tf6+ und e6
zuläßt; 2. daß dadurch der wK weder horizontal noch vertikal eingeschränkt
werden    und die B-Schwäche g5 angegriffen werden kann} Kf8 (58... Rb4 59. Ra6
Rb5 60. Ke4 Rb4+ 61. Kd5 $18) 59. Ra6 Kf7 {Versuch einer besseren Verteidigung:
} (59... Kg7 $1 {Hecht} 60. Rf6 (60. e6 Kf8 61. Ra7 Rd6 (61... Rb4 62. Rf7+ Ke8
63. Rf6 Ke7 64. Rxg6 Ra4 65. Kg3 (65. Rf6 Rb4 66. Rf4 Rxf4+ 67. Kxf4 Kxe6 68.
Kg4 Kf7 69. Kh5 Kg7 $10) 65... Re4 $10) 62. e7+ (62. Rf7+ Ke8 63. Rf6 Ke7 64.
Rxg6 Rxe6 65. Rxe6+ Kxe6 $10) 62... Kf7 63. Ke4 Rd1 $10 (63... Re6+ 64. Kd5
Rxe7 65. Rxe7+ Kxe7 66. Ke5 $18)) 60... Rd1 61. Ke4 Re1+ 62. Kd5 Rg1 (62...
Rd1+ 63. Ke6 Rg1 64. Rf7+ Kg8 65. Ra7 Rxg5 66. Kf6 Rg1 (66... Rf5+ 67. Kxg6 $18
{Gewiin für Weiß in 9 Zügen (ENDSPIEL-CD)}) 67. e6 Rf1+ 68. Kxg6 Kf8 69. Rf7+
Rxf7 70. exf7 $18) 63. Kd6 Rxg5 64. Rf1 Rg2 $10) 60. Rf6+ Kg7 61. e6 {Oder
Remis? - Analyse!} Rd1 62. Rf7+ Kg8 63. Ke4 Rg1 64. Rf3 Re1+ 65. Kd5 Kg7 66.
Rf7+ Kg8 67. Kd6 1-0